Statistics for Countries who fought in WW1

Click here to take the quiz!

General Stats

  • This quiz has been taken 73 times
  • The average score is 13 of 15

Answer Stats

HintAnswer% Correct
AlliedFrance
100%
CentralGermany
100%
AlliedUK
98%
CentralAustria-Hungary
97%
Allied (1915)Italy
97%
AlliedRussia
97%
Allied (1917)USA
97%
Central (1915)Ottoman Empire
85%
AlliedBelgium
83%
Central (1915)Bulgaria
80%
AlliedJapan
78%
AlliedSerbia
78%
Allied (1916)Romania
75%
Allied (1917)Greece
70%
AlliedMontenegro
52%

Score Distribution

Percentile by Number Answered

Percent of People with Each Score

Your Score History

You have not taken this quiz